| 000 | 00457cam a22001097a 4500 | ||
|---|---|---|---|
| 008 | 180718b1979 xxu||||| |||| 00| 0 eng d | ||
| 082 | _aV432x54 In2n/suppl | ||
| 245 |
_aFurther report of the Narmada water disputes tribunal under section of the inter-state water disputes act, 1956 _cby Narmada Water Disputes Tribunal, India |
||
| 260 |
_aNew Delhi _bNarmada Water Disputes Tribunal _c1979 |
||
| 300 | _a13+p. | ||
| 700 | _aIndia. Narmada Water Disputes Tribunal | ||
| 999 |
_c498458 _d498458 |
||